|
|
|
|
| LEADER |
03000nam a2200733 i 4500 |
| 001 |
nkc20203276931 |
| 003 |
CZ PrNK |
| 005 |
20241111103133.0 |
| 007 |
ta |
| 008 |
201218s2021 xr ach f 001 0dcze |
| 015 |
|
|
|a cnb003276931
|
| 020 |
|
|
|a 978-80-88308-29-4
|q (vázáno)
|
| 035 |
|
|
|a (OCoLC)1291384468
|
| 040 |
|
|
|a BOA001
|b cze
|e rda
|
| 041 |
0 |
|
|a cze
|b eng
|
| 043 |
|
|
|a e-cs---
|
| 045 |
|
|
|a x1x3
|
| 072 |
|
7 |
|a 316.7
|x Sociologie kultury. Kulturní život
|2 Konspekt
|9 1
|
| 080 |
|
|
|a 316.7-028.22
|2 MRF
|
| 080 |
|
|
|a 316.72/.75
|2 MRF
|
| 080 |
|
|
|a 316.346.2-055.2
|2 MRF
|
| 080 |
|
|
|a 159.922.1-055.2
|2 MRF
|
| 080 |
|
|
|a 316.423.6-055.2
|2 MRF
|
| 080 |
|
|
|a 316.728
|2 MRF
|
| 080 |
|
|
|a (437)
|2 MRF
|
| 080 |
|
|
|a (048.8)
|2 MRF
|
| 080 |
|
|
|a (084.11)
|2 MRF
|
| 100 |
1 |
|
|a Pachmanová, Martina,
|d 1970-
|7 jo2001100270
|4 aut
|
| 245 |
1 |
0 |
|a Civilizovaná žena :
|b ideál i paradox prvorepublikové vizuální kultury /
|c Martina Pachmanová ; odborná spolupráce: Libuše Heczková a Kateřina Svatoňová
|
| 250 |
|
|
|a Vydání první
|
| 264 |
|
1 |
|a V Praze :
|b Vysoká škola uměleckoprůmyslová,
|c 2021
|
| 300 |
|
|
|a 476 stran :
|b ilustrace (některé barevné), portréty, faksimile ;
|c 29 cm
|
| 336 |
|
|
|a text
|b txt
|2 rdacontent
|
| 336 |
|
|
|a statický obraz
|b sti
|2 rdacontent
|
| 337 |
|
|
|a bez média
|b n
|2 rdamedia
|
| 338 |
|
|
|a svazek
|b nc
|2 rdacarrier
|
| 504 |
|
|
|a Obsahuje bibliografické odkazy a rejstřík
|
| 546 |
|
|
|a Anglické resumé
|
| 648 |
|
7 |
|a 1918-1938
|7 ch460648
|2 czenas
|
| 650 |
0 |
7 |
|a vizuální kultura
|7 ph551076
|z Československo
|y 1918-1938
|2 czenas
|
| 650 |
0 |
7 |
|a kultura a společnost
|7 ph122010
|z Československo
|y 1918-1938
|2 czenas
|
| 650 |
0 |
7 |
|a ženy
|7 ph127967
|z Československo
|y 1918-1938
|2 czenas
|
| 650 |
0 |
7 |
|a feminita
|7 ph138799
|z Československo
|y 1918-1938
|2 czenas
|
| 650 |
0 |
7 |
|a ženská emancipace
|7 ph127961
|z Československo
|y 1918-1938
|2 czenas
|
| 650 |
0 |
7 |
|a životní styl
|7 ph136586
|z Československo
|y 1918-1938
|2 czenas
|
| 650 |
0 |
9 |
|a visual culture
|z Czechoslovakia
|y 1918-1938
|2 eczenas
|
| 650 |
0 |
9 |
|a culture and society
|z Czechoslovakia
|y 1918-1938
|2 eczenas
|
| 650 |
0 |
9 |
|a women
|z Czechoslovakia
|y 1918-1938
|2 eczenas
|
| 650 |
0 |
9 |
|a feminity
|z Czechoslovakia
|y 1918-1938
|2 eczenas
|
| 650 |
0 |
9 |
|a emancipation of women
|z Czechoslovakia
|y 1918-1938
|2 eczenas
|
| 650 |
0 |
9 |
|a life style
|z Czechoslovakia
|y 1918-1938
|2 eczenas
|
| 655 |
|
7 |
|a monografie
|7 fd132842
|2 czenas
|
| 655 |
|
7 |
|a obrazové publikace
|7 fd132947
|2 czenas
|
| 655 |
|
9 |
|a monographs
|2 eczenas
|
| 655 |
|
9 |
|a pictorial works
|2 eczenas
|
| 700 |
1 |
|
|a Heczková, Libuše,
|d 1967-
|7 xx0050197
|4 ctb
|
| 700 |
1 |
|
|a Svatoňová, Kateřina,
|d 1978-
|7 jo2011555984
|4 ctb
|
| 910 |
2 |
|
|a BOA001
|b 4-1475.772
|
| 928 |
9 |
|
|a UMPRUM
|
| 990 |
|
|
|a BK
|
| 995 |
|
|
|a 01
|
| 991 |
|
|
|b 202111
|c NOV
|
| 996 |
6 |
|
|b 2610883200
|c 4-1475.772
|l MZK
|r Sklad / do 1 hodiny
|n 16
|p p.v.
|w 001867266
|u 000010
|a 1
|e BOA001
|j MZK50
|s P
|
| 996 |
6 |
|
|b 2610887467
|c 4-1475.772
|l MZK
|r HSS 4p
|n 0
|p kup
|h 316.7 PAC
|w 001867266
|u 000020
|a 0
|e BOA001
|j MZK50
|s P
|